000 00673nam a2200205 4500
001 123787
003 ES-MaACL
005 20250824231410.0
007 t|
008 070214s1965 ag r ||||1| spa d
100 1 _aRamati, Alexander.
_995066
245 1 0 _aIsrael, hoy /
_cAlexander Ramati ; traducción de Jesús Pardo.
260 _aBuenos Aires [etc.] :
_bPlaza & Janés,
_c1965.
300 _a439 p., 23 lám. ;
_c21 cm.
490 1 _aLa vuelta al mundo en ochenta libros
700 1 _aPardo, Jesús,
_d1927-2020
_9138804
830 0 3 _aLa vuelta al mundo en ochenta libros
_9186522
852 _aES-MaACL
_jC-27486
_bR.56347
999 _c123787
_d123787